Downton Abbey Character Matchup Quiz Stats

 Plays Quiz Updated Mar 6, 2020

Support Sporcle.
Go Orange.
Score 0/35 Timer 05:00
1 Play Today
% Correct
Violet, Countess of Grantham
91.7%
Robert, 6th Earl of Grantham
90.4%
Lady Mary Crawley
85.8%
Cora, Countess of Grantham
84.1%
Anna Bates (née Smith)
79.7%
Mr Matthew Crawley
78.6%
John Bates
73.6%
Lady Edith Crawley
71.2%
Lady Sybil Branson (née Crawley)
71.2%
Mr Charles Carson
68.9%
Thomas Barrow
66.2%
Mrs Isobel Crawley
64.5%
Mrs Martha Levinson
64.4%
Sarah O'Brien
62.2%
Tom Branson
60.8%
Mrs Elsie Hughes
59.8%
Daisy Mason (née Robinson)
59.7%
Lady Rose MacClare
53.5%
% Correct
Mrs Beryl Patmore
52.8%
Lady Rosamund Painswick (née Crawley)
43.9%
Ethel Parks
43.1%
Joseph Molesley
41.4%
Sir Richard Carlisle
40.6%
Gwen Dawson
38.2%
Jimmy Kent
37.7%
Vera Bates
37.4%
Lavinia Swire
36.4%
Alfred Nugent
32.1%
Dr Richard Clarkson
32%
William Mason
31.8%
Sir Anthony Strallan
31.6%
Ivy Stuart
26.9%
Henry Lang
21.2%
Mrs Bird
20.1%
Jane Moorsum
20.1%

From the Vault

Follow That Lyric: Disney Songs

by MovieGuru

Lets see just how many Disney songs we can get stuck in your head at once.
Remove Ads.
Support Sporcle.
Get the best of Sporcle when you Go Orange. This ad-free experience offers more features, more stats, and more fun while also helping to support Sporcle. Thank you for becoming a member.

Show Comments

Extras

Top Quizzes Today


Score Distribution

Your Account Isn't Verified!

In order to create a playlist on Sporcle, you need to verify the email address you used during registration. Go to your Sporcle Settings to finish the process.

Report this User

Report this user for behavior that violates our Community Guidelines.

Details: